000 00317nam a2200157Ia 4500
100 _aNIMI
650 _aELECTRICIAN
942 _cBK
366 _f10
245 _aELECTRICIAN TRADE PRACTICAL : IIND YEAR
260 _bNIMI
_aChennai
082 _a621.3/NIM
300 _a374
546 _aENGLISH
999 _c23227
_d23227